000 00505nam a2200217Ia 4500
003 OSt
005 20221005125822.0
006 a|||||r|||| 00| 0
007 ta
008 221004b |||||||| |||| 00| 0 eng d
024 _a119172
037 _cTextual
040 _aCRL
_cCRL
_beng
041 _2eng
_aeng
100 _aSingh Veer
_9634666
245 0 _aPratap Suraj Granth
260 _c1965
650 _aPUNJABI LITERATURE
942 _cTEXL
_2cc
999 _c1055162
_d1055162